Effective Crisis Communication / Moving from Crisis to Opportunity (Record no. 3009)
[ view plain ]
| 000 -LEADER | |
|---|---|
| fixed length control field | 01458cam a22002414a 4500 |
| 005 - ΗΜΕΡΟΜΗΝΙΑ ΚΑΙ ΩΡΑ ΤΕΛΕΥΤΑΙΑΣ ΕΝΗΜΕΡΩΣΗΣ | |
| Πεδίο ελέγχου | 20250605164102.0 |
| 008 - FIXED-LENGTH DATA ELEMENTS--GENERAL INFORMATION | |
| Πεδίο ελέγχου σταθερού μήκους | 250528s ||||||||||||||||||||||||d |
| 035 ## - SYSTEM CONTROL NUMBER | |
| System control number | 17606 |
| 020 ## - ISBN | |
| ISBN | 9781412980340 |
| 040 ## - ΠΗΓΗ ΚΑΤΑΛΟΓΟΓΡΑΦΗΣΗΣ | |
| Φορέας πρωτότυπης καταλογογράφησης | MC Athens Campus Library |
| Γλώσσα καταλογογράφησης | Ελληνικά, Μοντέρνα (1453-) |
| Modifying agency | MC Athens Campus Library |
| Κανόνες περιγραφικής καταλογογράφησης | AACR2 |
| 245 1# - ΤΙΤΛΟΣ ΚΑΙ ΔΗΛΩΣΗ ΥΠΕΥΘΥΝΟΤΗΤΑΣ | |
| Τίτλος | Effective Crisis Communication / Moving from Crisis to Opportunity |
| 250 ## - EDITION STATEMENT | |
| Edition statement | 2nd |
| 260 ## - PUBLICATION, DISTRIBUTION, ETC. | |
| Name of publisher, distributor, etc. | Sage Publications, |
| Date of publication, distribution, etc. | 2011 |
| 300 ## - PHYSICAL DESCRIPTION | |
| Extent | 246 |
| 505 0# - FORMATTED CONTENTS NOTE | |
| Formatted contents note | Preface, The Lessons, Defining Crisis Communication, Lessons on Managing Crisis Uncertainty, Lessons on Effective Crisis Leadership, Appying the Lessons, Examples of Success and Failure in Industrial Accidents, Examples of Success and Failure in Response to Terrorism, Examples of Success and Failure During Financial Crises, The Oportunities, Learning through Failure, Responding to the Ethical Demands of Crisis, Index. |
| 520 ## - SUMMARY, ETC. | |
| Summary, etc. | Preface, The Lessons, Defining Crisis Communication, Lessons on Managing Crisis Uncertainty, Lessons on Effective Crisis Leadership, Appying the Lessons, Examples of Success and Failure in Industrial Accidents, Examples of Success and Failure in Response to Terrorism, Examples of Success and Failure During Financial Crises, The Oportunities, Learning through Failure, Responding to the Ethical Demands of Crisis, Index. |
| 700 1# - ΠΡΟΣΘΕΤΗ ΑΝΑΓΡΑΦΗ--ΦΥΣΙΚΟ ΠΡΟΣΩΠΟ | |
| Personal name | Seeger Matthew W |
| 9 (RLIN) | 3785 |
| 700 1# - ΠΡΟΣΘΕΤΗ ΑΝΑΓΡΑΦΗ--ΦΥΣΙΚΟ ΠΡΟΣΩΠΟ | |
| Personal name | Sellnow Timothy L |
| 9 (RLIN) | 3786 |
| 700 1# - ΠΡΟΣΘΕΤΗ ΑΝΑΓΡΑΦΗ--ΦΥΣΙΚΟ ΠΡΟΣΩΠΟ | |
| Personal name | Ulmer Robert R |
| 9 (RLIN) | 3787 |
| 942 ## - ADDED ENTRY ELEMENTS (KOHA) | |
| Koha item type | Books |
| Τύπος τεκμηρίου | Βιβλιοθήκη | Τρέχουσα τοποθεσία | Barcode | Αριθμός εισαγωγής | Ημερομηνία απόκτησης | Ταξιθετικό σύμβολο | Αριθμός αντιτύπου | Κατάσταση απόσυρσης | Κατάσταση χαμένου | Κατάσταση κατεστραμμένου | Μη δανεισμός | Σύνολο δανεισμών | Ημερομηνία τελευταίας εμφάνισης | Η τιμή ισχύει από |
|---|---|---|---|---|---|---|---|---|---|---|---|---|---|---|
| Books | MC Athens Campus Library | MC Athens Campus Library | 9780000030085 | 5846 | 05/06/2025 | 658.4/77 ULM | 1 | 05/06/2025 | 05/06/2025 |